[Event "Kleve- Langenfeld 2"]
[Site "?"]
[Date "2023.02.19"]
[Round "5.3"]
[White "Reuter, Michael"]
[Black "Wiegersma, Justus"]
[Result "1/2-1/2"]
[WhiteElo "2036"]
[BlackElo "1955"]
[PlyCount "94"]
[SourceVersionDate "2023.06.22"]

1. d4 b6 2. e4 Bb7 3. Nc3 e6 4. a3 d5 5. exd5 exd5 6. Nf3 Nf6 7. Bd3 Be7 8. O-O
O-O 9. Re1 Re8 10. Bg5 Nbd7 11. Qc1 Nf8 12. Qf4 Ne6 13. Rxe6 fxe6 14. Ne5 Ne4
15. Qf7+ Kh8 16. Bxe7 Qxe7 17. Qh5 Kg8 18. f3 Nf6 19. Qh4 c5 20. Re1 c4 21. Be2
Nd7 22. Qg3 Nxe5 23. Qxe5 Qf6 24. Bd1 Qxe5 25. Rxe5 Bc6 26. f4 g6 27. Bg4 Kf7
28. Nd1 a5 29. Ne3 b5 30. Bf3 Ra6 31. Ng4 b4 32. Re3 Ba4 33. Ne5+ Kg7 34. b3
cxb3 35. cxb3 Bc6 36. axb4 axb4 37. Nd3 Rb6 38. Nc5 Bb5 39. Bg4 Kf6 40. Kf2 h6
41. h4 Re7 42. Re1 Rc6 43. Re5 h5 44. Bh3 Ba6 45. Re1 Bc8 46. Ra1 Rec7 47. Ra5
Rb6 1/2-1/2

[Event "Kleve- Langenfeld 2"]
[Site "?"]
[Date "2023.02.19"]
[Round "5.4"]
[White "Cornelis- Huysman, Arie"]
[Black "Schulte- Lentz, Christian"]
[Result "1/2-1/2"]
[WhiteElo "2021"]
[BlackElo "2080"]
[Annotator "daniel"]
[PlyCount "76"]
[SourceVersionDate "2023.06.22"]

1. e4 c5 2. c3 Nf6 3. e5 Nd5 4. Nf3 Nc6 5. d4 cxd4 6. cxd4 d6 7. Bc4 dxe5 8.
dxe5 Ndb4 9. Qxd8+ Nxd8 10. Na3 a6 11. Bd2 e6 12. O-O b5 13. Be2 Bb7 14. Rfc1
Rc8 15. Rxc8 Bxc8 16. Nc2 Nxc2 17. Rc1 Bb7 18. Rxc2 $11 Kd7 19. Nd4 Nc6 20.
Nxc6 Bxc6 21. f4 Be7 22. Be3 Rc8 23. Kf2 Bd5 24. Rxc8 Kxc8 25. a3 Kc7 26. Bd3
g6 27. g3 Kc6 28. b4 a5 29. Bd2 axb4 30. axb4 Bd8 31. Be3 f6 32. Bd4 fxe5 33.
fxe5 Bg5 34. Be3 Be7 35. Bd2 Bf8 36. h4 Bg7 37. Bc3 Bc4 38. Be4+ Bd5 1/2-1/2

[Event "Kleve- Langenfeld 2"]
[Site "?"]
[Date "2023.02.19"]
[Round "5.5"]
[White "Hess, Christian"]
[Black "Krebbers, Wilfried"]
[Result "1/2-1/2"]
[WhiteElo "2149"]
[BlackElo "2053"]
[PlyCount "39"]
[SourceVersionDate "2023.06.22"]

1. e4 Nf6 2. Nc3 d5 3. exd5 Nxd5 4. Bc4 c6 5. Qf3 e6 6. Nge2 Nd7 7. d4 Qf6 8.
Qe4 Qg6 9. Bxd5 cxd5 10. Qxg6 hxg6 11. Nb5 Bb4+ 12. c3 Ba5 13. b4 Bd8 14. Bf4
Nb6 15. a4 Nc4 16. O-O Bd7 17. Nd6+ Nxd6 18. Bxd6 Rc8 19. Rfc1 Bc7 20. Bf4
1/2-1/2

[Event "Kleve- Langenfeld 2"]
[Site "?"]
[Date "2023.02.19"]
[Round "5.7"]
[White "Hendrichs, Udo"]
[Black "Brandt, Thorsten"]
[Result "1/2-1/2"]
[WhiteElo "2003"]
[BlackElo "1888"]
[PlyCount "84"]
[SourceVersionDate "2023.06.22"]

1. d4 e6 2. Nf3 f5 3. e3 Nf6 4. Be2 b6 5. b3 Bb4+ 6. c3 Be7 7. Nbd2 Bb7 8. O-O
O-O 9. Bb2 Qe8 10. Ne5 d6 11. Nd3 g5 12. Bf3 c6 13. g3 Qg6 14. Qe2 Ne4 15. Bg2
Nxd2 16. Qxd2 Nd7 17. f4 Rab8 18. Rae1 Nf6 19. Nf2 c5 20. c4 Bxg2 21. Kxg2 d5
22. dxc5 Bxc5 23. Bxf6 Qxf6 24. Qe2 Rfd8 25. fxg5 Qxg5 26. Nh3 Qh6 27. Rf4 Bb4
28. Rh4 Qf6 29. Rf1 dxc4 30. Qxc4 Rd2+ 31. Rf2 Rxf2+ 32. Nxf2 Bc5 33. Qf4 Rd8
34. Ne4 Qb2+ 35. Kh3 Be7 36. Ng5 Rd2 37. Nf3 Bxh4 38. Nxd2 Qxd2 39. Qxh4 Qxe3
40. Qd8+ Kg7 41. Qe7+ Kg6 42. Qe8+ Kg7 1/2-1/2

[Event "Kirchlengern- Porta Westfalica"]
[Site "?"]
[Date "2023.02.19"]
[Round "5.1"]
[White "Liebelt, Jannik"]
[Black "Braun, Peter"]
[Result "0-1"]
[WhiteElo "2136"]
[BlackElo "1887"]
[PlyCount "84"]
[SourceVersionDate "2023.06.22"]

1. e4 Nc6 2. d4 d5 3. exd5 Qxd5 4. Nf3 Bg4 5. Be2 O-O-O 6. c4 Qf5 7. Be3 e5 8.
d5 Bb4+ 9. Kf1 e4 10. Nd4 Bxe2+ 11. Nxe2 Ne5 12. Ng3 Qg6 13. Qd4 Ng4 14. Qxa7
Nxe3+ 15. Qxe3 f5 16. Nc3 Qa6 17. Qe2 g6 18. Kg1 Bxc3 19. bxc3 Nf6 20. h3 Rde8
21. Qf1 Rhf8 22. Qe2 h5 23. Rd1 f4 24. Nf1 e3 25. fxe3 Ne4 26. Qd3 Qxa2 27.
exf4 Qf2+ 28. Kh2 Qxf4+ 29. Kg1 Nf2 30. Qd2 Nxd1 31. Qxd1 Qf2+ 32. Kh2 Re1 33.
Qa4 Qf4+ 34. Ng3 Rxh1+ 35. Kxh1 Kb8 36. Ne2 Qe3 37. d6 Qxe2 38. dxc7+ Kxc7 39.
Qa5+ Kb8 40. Qd5 Qf1+ 41. Kh2 Qf4+ 42. Kh1 Re8 0-1

[Event "Kirchlengern- Porta Westfalica"]
[Site "?"]
[Date "2023.02.19"]
[Round "5.2"]
[White "Ott, Mathias"]
[Black "Adiyaman, Rene"]
[Result "0-1"]
[WhiteElo "1975"]
[BlackElo "2126"]
[PlyCount "64"]
[SourceVersionDate "2023.06.22"]

1. d4 d5 2. c4 e6 3. Nc3 c5 4. cxd5 cxd4 5. Qa4+ Bd7 6. Qxd4 exd5 7. Nf3 Nc6 8.
Qd1 Nf6 9. g3 Bc5 10. Bg2 d4 11. Nb1 Be6 12. O-O Qd7 13. Bg5 Be7 14. Qa4 O-O
15. Rd1 Rfd8 16. Nbd2 h6 17. Bxf6 Bxf6 18. Ne4 Be7 19. Rac1 Qd5 20. Nc3 Qc4 21.
Qxc4 Bxc4 22. b3 Ba6 23. Ne4 Bxe2 24. Rxc6 Bxd1 25. Rc7 Bb4 26. Rxb7 a5 27. Ne5
Rac8 28. Nxf7 Rc1 29. Nxh6+ Kh7 30. Ng5+ Kxh6 31. Nf7+ Kh7 32. Be4+ Kg8 0-1

[Event "Kirchlengern- Porta Westfalica"]
[Site "?"]
[Date "2023.02.19"]
[Round "5.3"]
[White "Kirnos, Evgeni"]
[Black "Knollmann, Benjamin"]
[Result "1-0"]
[WhiteElo "2224"]
[BlackElo "1874"]
[PlyCount "121"]
[SourceVersionDate "2023.06.22"]

1. e4 e6 2. d3 c5 3. Nf3 Nc6 4. g3 Nf6 5. Bg2 d5 6. Nbd2 Be7 7. O-O O-O 8. Re1
b5 9. e5 Nd7 10. Nf1 Qc7 11. Bf4 a5 12. h4 Bb7 13. N1h2 Rfc8 14. h5 c4 15. Ng4
Nb4 16. d4 c3 17. b3 a4 18. Qe2 axb3 19. axb3 Qb6 20. Bf1 Rxa1 21. Rxa1 Ra8 22.
Rxa8+ Bxa8 23. Qxb5 Bc6 24. Qxb6 Nxb6 25. Ne1 Be8 26. Ne3 f6 27. Nd1 Bxh5 28.
Nxc3 Bg6 29. Na4 Nxa4 30. bxa4 Nxc2 31. Nxc2 Bxc2 32. a5 Bd8 33. a6 Bb6 34.
exf6 gxf6 35. Bb5 Kf7 36. Bb8 Bxd4 37. a7 Bxa7 38. Bxa7 e5 39. Kf1 Ke6 40. Ke2
h5 41. Be8 Kf5 42. Bxh5 Kg5 43. Bf7 d4 44. Bc4 Be4 45. Bb6 Kg4 46. Bd8 Bf3+ 47.
Kd2 Kg5 48. Be2 Bb7 49. Bd1 Ba6 50. Bc2 Bb5 51. Be4 Ba6 52. Ke1 Bb5 53. f3 Bc4
54. Kf2 Bb5 55. Bb1 Bc4 56. Bc7 Be6 57. f4+ exf4 58. Bxf4+ Kg4 59. Bd3 Bd5 60.
Bc7 f5 61. Bf4 1-0

[Event "Kirchlengern- Porta Westfalica"]
[Site "?"]
[Date "2023.02.19"]
[Round "5.4"]
[White "Dilger, Tim"]
[Black "Friesen, Viktor"]
[Result "0-1"]
[WhiteElo "1855"]
[BlackElo "2161"]
[PlyCount "62"]
[SourceVersionDate "2023.06.22"]

1. d4 Nf6 2. c4 e6 3. Nf3 d5 4. e3 Be7 5. Nbd2 O-O 6. b3 b6 7. Bb2 Bb7 8. Ne5
c5 9. Qc2 cxd4 10. exd4 Nc6 11. Nxc6 Bxc6 12. Bd3 Rc8 13. O-O Qd6 14. c5 bxc5
15. Ba3 Qf4 16. Bxc5 Bxc5 17. dxc5 Ng4 18. g3 Qh6 19. h4 f5 20. Nf3 f4 21. Rae1
fxg3 22. fxg3 Ne3 23. Qe2 Nxf1 24. Rxf1 Qf6 25. Bxh7+ Kh8 26. Bd3 Be8 27. Qe3
Qc3 28. Rc1 Rxf3 29. Qxf3 Qxc1+ 30. Kh2 Qb2+ 31. Kh3 Qf6 0-1

[Event "Kirchlengern- Porta Westfalica"]
[Site "?"]
[Date "2023.02.19"]
[Round "5.6"]
[White "Ott, Helmut"]
[Black "Ringe, Christian"]
[Result "1/2-1/2"]
[WhiteElo "1946"]
[BlackElo "1856"]
[PlyCount "90"]
[SourceVersionDate "2023.06.22"]

1. d4 Nf6 2. c4 e6 3. Nf3 b6 4. Nc3 Bb7 5. e3 Be7 6. Be2 O-O 7. O-O d5 8. cxd5
exd5 9. Qc2 Nbd7 10. Rd1 c6 11. Bd3 Rc8 12. Qe2 Bd6 13. h3 Re8 14. Bd2 Ne4 15.
Rac1 Ndf6 16. Be1 h6 17. Ba6 Bxa6 18. Qxa6 Qd7 19. Qd3 Nxc3 20. Bxc3 Ne4 21.
Be1 Re6 22. Nd2 Rce8 23. Nxe4 dxe4 24. Qf1 Bb8 25. g3 Rf6 26. Qg2 Qd5 27. b3
Rf3 28. Rd2 Re6 29. Rdc2 Ref6 30. b4 Kh7 31. Kh1 Rg6 32. Kh2 h5 33. h4 Qd8 34.
Qh3 Rff6 35. Qg2 Re6 36. Bc3 Qxh4+ 37. Qh3 Qe7 38. Kg2 h4 39. Rh1 Rh6 40. Qg4
Reg6 41. Qf5 Qe6 42. Qxe6 fxe6 43. Be1 e5 44. Rd2 hxg3 45. Rxh6+ Kxh6 1/2-1/2

[Event "Münster 2- Iserlohn"]
[Site "?"]
[Date "2023.02.19"]
[Round "5.1"]
[White "Scheider, Julian"]
[Black "Weidemann, Jakob"]
[Result "1/2-1/2"]
[WhiteElo "2341"]
[BlackElo "2108"]
[PlyCount "41"]
[SourceVersionDate "2023.06.22"]

1. e4 e5 2. Nf3 Nc6 3. d4 exd4 4. Nxd4 Nf6 5. Nxc6 bxc6 6. e5 Qe7 7. Qe2 Nd5 8.
c4 Ba6 9. b3 g6 10. f4 d6 11. Qf2 Nb6 12. Be2 dxe5 13. O-O f5 14. Bb2 Bg7 15.
fxe5 O-O-O 16. Bf3 Bxe5 17. Re1 Bxb2 18. Rxe7 Bd4 19. Bxc6 Bxf2+ 20. Kxf2 Bb7
21. Bxb7+ 1/2-1/2

[Event "Münster 2- Iserlohn"]
[Site "?"]
[Date "2023.02.19"]
[Round "5.2"]
[White "Schroeder, Lennart"]
[Black "Eckardt, Joshua"]
[Result "1/2-1/2"]
[WhiteElo "2001"]
[BlackElo "2254"]
[PlyCount "44"]
[SourceVersionDate "2023.06.22"]

1. Nf3 Nf6 2. g3 c5 3. Bg2 Nc6 4. d4 cxd4 5. Nxd4 g6 6. O-O Bg7 7. c4 O-O 8.
Nc3 Nxd4 9. Qxd4 d6 10. b3 Ne4 11. Qxe4 Bxc3 12. Bh6 Bxa1 13. Bxf8 Bf6 14. Bh6
Qa5 15. Qc2 Bf5 16. e4 Be6 17. Bd2 Qc7 18. Rc1 Rc8 19. Qd3 a6 20. Bf1 h5 21.
Be3 Qa5 22. Qd2 Qxd2 1/2-1/2

[Event "Münster 2- Iserlohn"]
[Site "?"]
[Date "2023.02.19"]
[Round "5.3"]
[White "Messarius, Juergen"]
[Black "Boesel, Alexander"]
[Result "1-0"]
[WhiteElo "2191"]
[BlackElo "2020"]
[PlyCount "85"]
[SourceVersionDate "2023.06.22"]

1. e4 c5 2. Nf3 d6 3. d4 cxd4 4. Nxd4 Nf6 5. Nc3 g6 6. g3 Nc6 7. Nde2 Bd7 8.
Bg2 Qc8 9. h3 h5 10. Be3 Bg7 11. f4 Na5 12. Bd4 e5 13. Bf2 Qc7 14. O-O O-O 15.
Qd3 Rfd8 16. Rfd1 Be8 17. b3 Rac8 18. Rac1 b6 19. Nb5 Bxb5 20. Qxb5 Nb7 21. c4
Nc5 22. Nc3 Qb7 23. Bxc5 dxc5 24. Nd5 Ne8 25. f5 Nd6 26. Qa4 a6 27. f6 Bf8 28.
h4 b5 29. Qa5 bxc4 30. bxc4 Rb8 31. Rc2 Qc6 32. Qd2 Ne8 33. Qg5 Rb6 34. Rcd2
Rb7 35. Qxe5 Rd6 36. Qg5 Re6 37. e5 Kh7 38. Nf4 Qb6 39. Nxe6 Qxe6 40. Qf4 Bh6
41. Qe4 Rb4 42. Rd7 Rxc4 43. Qd5 1-0

[Event "Münster 2- Iserlohn"]
[Site "?"]
[Date "2023.02.19"]
[Round "5.4"]
[White "Virnyi, Julius"]
[Black "Kind, Bertram"]
[Result "0-1"]
[WhiteElo "2114"]
[BlackElo "2148"]
[PlyCount "68"]
[SourceVersionDate "2023.06.22"]

1. d4 Nf6 2. c4 e6 3. Nc3 Bb4 4. e3 O-O 5. Nge2 d5 6. a3 Be7 7. cxd5 Nxd5 8. g3
Nxc3 9. bxc3 Qd5 10. Rg1 e5 11. Bg2 Qc4 12. Rb1 Nc6 13. Qb3 Qd3 14. c4 Qg6 15.
Bd2 exd4 16. exd4 Re8 17. Be3 Bg5 18. Bxc6 bxc6 19. Bxg5 Qxg5 20. f4 Qh5 21.
Rg2 Bg4 22. Rb2 h6 23. Rf2 Re7 24. c5 Rae8 25. Qc4 Re3 26. a4 a5 27. Kf1 Be6
28. Qc1 Bd5 29. Ng1 Qf5 30. Rfe2 Qd3 31. Rbd2 Rxe2 32. Rxe2 Bf3 33. Qb2 Bxe2+
34. Nxe2 Qf3+ 0-1

[Event "Münster 2- Iserlohn"]
[Site "?"]
[Date "2023.02.19"]
[Round "5.5"]
[White "Klauke, Stefan"]
[Black "Quante, Lennart"]
[Result "1/2-1/2"]
[WhiteElo "2102"]
[BlackElo "2100"]
[PlyCount "89"]
[SourceVersionDate "2023.06.22"]

1. e4 e5 2. Nf3 Nc6 3. Nc3 Nf6 4. Bb5 Bb4 5. O-O O-O 6. d3 Bxc3 7. bxc3 d6 8.
h3 Ne7 9. Re1 c6 10. Bc4 Ng6 11. Bb3 h6 12. d4 Qe7 13. c4 c5 14. c3 Re8 15. Qd3
Be6 16. d5 Bd7 17. Be3 Nh5 18. Qf1 Nhf4 19. Kh2 Rf8 20. Ng1 Rad8 21. g3 Nh5 22.
Qg2 f5 23. exf5 Rxf5 24. Bc2 Rf6 25. Bxg6 Rxg6 26. Qe4 Kh7 27. Nf3 Nf6 28. Qc2
e4 29. Nh4 Rg5 30. Bxg5 hxg5 31. Ng2 Rh8 32. Ne3 Kg8 33. Rh1 Bxh3 34. Kg1 Qf7
35. Re1 Rh5 36. Qe2 Nd7 37. Ng4 Qf5 38. Rxh3 Rxh3 39. Qxe4 Qxe4 40. Rxe4 Nb6
41. Kg2 Rh8 42. Ne3 Kf7 43. Kf3 g6 44. Kg4 Nd7 45. Kxg5 1/2-1/2

[Event "Münster 2- Iserlohn"]
[Site "?"]
[Date "2023.02.19"]
[Round "5.6"]
[White "Kamp, Adrian"]
[Black "Franz, Christian"]
[Result "1/2-1/2"]
[WhiteElo "2020"]
[BlackElo "2048"]
[PlyCount "43"]
[SourceVersionDate "2023.06.22"]

1. e4 c5 2. Nf3 d6 3. Bb5+ Bd7 4. Bxd7+ Qxd7 5. c4 Nc6 6. Nc3 g6 7. d4 cxd4 8.
Nxd4 Bg7 9. Be3 Nf6 10. f3 O-O 11. O-O Rfc8 12. b3 Qd8 13. Qd2 Nd7 14. Rfd1
Nxd4 15. Bxd4 Bxd4+ 16. Qxd4 Qb6 17. Nd5 Qxd4+ 18. Rxd4 Kf8 19. Rad1 a5 20.
R4d2 Rc6 21. a4 Nc5 22. Rb1 1/2-1/2

[Event "Münster 2- Iserlohn"]
[Site "?"]
[Date "2023.02.19"]
[Round "5.7"]
[White "Glatzel, Jonas"]
[Black "Junk, Phillip"]
[Result "1-0"]
[WhiteElo "2013"]
[BlackElo "2091"]
[PlyCount "87"]
[SourceVersionDate "2023.06.22"]

1. e4 c5 2. c3 e6 3. d4 Nf6 4. e5 Nd5 5. Nf3 cxd4 6. cxd4 d6 7. a3 Nc6 8. Bd3
Qc7 9. O-O Bd7 10. Qe2 g6 11. Bd2 Bg7 12. Nc3 Nxc3 13. Bxc3 O-O 14. h4 dxe5 15.
dxe5 Ne7 16. Bb4 Rfe8 17. h5 Bc6 18. Bd6 Qd8 19. Nd4 Bd5 20. Nb5 Nf5 21. Bxf5
exf5 22. Nc7 Bxe5 23. Nxe8 Qg5 24. f3 Rxe8 25. Bxe5 Qe7 26. Rfe1 f6 27. Qd2
Bxf3 28. Bc3 Be4 29. Qd4 Kf7 30. Rad1 gxh5 31. Qd7 Rg8 32. Qxe7+ Kxe7 33. Bb4+
Ke6 34. Re2 h4 35. Kh2 Ke5 36. Bd6+ Ke6 37. Bf4 Rg4 38. Bb8 Rg8 39. Bxa7 Kf7
40. Rd7+ Kg6 41. Bd4 h3 42. Kxh3 Rc8 43. Rd6 Rc1 44. Kh2 1-0

[Event "Münster 2- Iserlohn"]
[Site "?"]
[Date "2023.02.19"]
[Round "5.8"]
[White "Kamp, Aaron"]
[Black "Lueck, Kai"]
[Result "1-0"]
[WhiteElo "1842"]
[BlackElo "2103"]
[Annotator "daniel"]
[PlyCount "67"]
[SourceVersionDate "2023.06.22"]

1. e4 c6 2. c4 d5 3. cxd5 cxd5 4. exd5 Nf6 5. Qa4+ Nbd7 6. Nc3 g6 7. Nf3 Bg7 8.
Bc4 O-O 9. Qb3 Nb6 10. d3 Bg4 11. Ne5 Bf5 12. f4 Qd6 13. Be3 Nfd7 14. Nb5 Qf6
15. O-O Nxe5 16. fxe5 Qxe5 17. Bd4 Qb8 18. Bxg7 Kxg7 19. Qc3+ Kg8 20. d6 exd6
21. Nd4 Bd7 22. Rae1 d5 $11 23. Bb5 Qd6 24. Bxd7 Nxd7 25. Re3 Rac8 26. Qe1 Qb6
27. Qh4 Qxb2 28. Re7 Nb6 29. Ne6 Rc1 30. Nxf8 Rxf1+ 31. Kxf1 Qb1+ 32. Re1 Qxd3+
33. Kg1 Kxf8 34. Qh6+ 1-0

[Event "Bielefeld 2- Werther"]
[Site "?"]
[Date "2023.02.19"]
[Round "5.1"]
[White "Haskenhoff, Jan"]
[Black "Pollmueller, Michael"]
[Result "0-1"]
[WhiteElo "2181"]
[BlackElo "2132"]
[PlyCount "114"]
[SourceVersionDate "2023.06.22"]

1. e4 c6 2. d4 d5 3. Nc3 dxe4 4. Nxe4 Bf5 5. Nc5 Nd7 6. Bd3 Bxd3 7. Nxd3 Ngf6
8. Nf3 e6 9. Bf4 c5 10. O-O cxd4 11. Nxd4 Be7 12. Nb5 O-O 13. Qf3 a6 14. Nd6 e5
15. Nxb7 Qc7 16. Rfe1 Ra7 17. Nbc5 Bxc5 18. Nxe5 Nxe5 19. Bxe5 Qb6 20. c3 Nd7
21. Bg3 Qxb2 22. Rab1 Qc2 23. Qc6 Qg6 24. Qd5 Rc8 25. Rb7 Rxb7 26. Qxb7 Qc6 27.
Qb3 Nf8 28. h3 Ng6 29. Qb1 Bd6 30. Bxd6 Qxd6 31. Rd1 Qc6 32. Qb4 h6 33. Rd3 Kh7
34. Rf3 Qe6 35. Qb7 Rf8 36. a4 Qc4 37. a5 f6 38. Rg3 Rf7 39. Qb6 Ne5 40. Qb1+
Kg8 41. Qf5 Qc6 42. f4 Nd7 43. Kh2 Qc5 44. Qe6 Qxa5 45. c4 Qc7 46. Qe4 Nc5 47.
Qd5 a5 48. Rf3 Kh8 49. Rf2 Rd7 50. Qf5 Rd4 51. g3 Rd8 52. Re2 a4 53. h4 Nb3 54.
Qb5 Qd7 55. Qh5 Nd4 56. Ra2 Qc6 57. Qa5 Re8 0-1

[Event "Bielefeld 2- Werther"]
[Site "?"]
[Date "2023.02.19"]
[Round "5.2"]
[White "Winkler, Yonathan"]
[Black "Freiberger, Jonas"]
[Result "0-1"]
[WhiteElo "1991"]
[BlackElo "2236"]
[PlyCount "110"]
[SourceVersionDate "2023.06.22"]

1. e4 e5 2. Nf3 Nc6 3. Nc3 g6 4. d4 exd4 5. Nxd4 Bg7 6. Be3 Nf6 7. Nxc6 bxc6 8.
e5 Ng8 9. Bc4 Qh4 10. Qe2 Bxe5 11. O-O-O Ne7 12. Bd2 d6 13. Rhe1 O-O 14. g3 Qh3
15. f4 Bg4 16. Qf2 Bxd1 17. fxe5 Qg4 18. Ne4 Qf3 19. Nf6+ Kg7 20. Qd4 Nf5 21.
Qc3 Qxc3 22. Bxc3 d5 23. Rxd1 dxc4 24. Rd7 Rfd8 25. e6 Rxd7 26. exd7 Kf8 27.
Ba5 Ke7 28. Bxc7 Kxf6 29. d8=Q+ Rxd8 30. Bxd8+ Ke5 31. Kd2 Kd5 32. Bc7 h5 33.
Kc3 c5 34. h3 Nd4 35. Bb8 a6 36. b3 cxb3 37. axb3 g5 38. Kd3 f5 39. Bc7 Nc6 40.
Ke3 Nd4 41. Kd3 Ne6 42. Bb8 Kc6 43. Be5 Kb5 44. c3 c4+ 45. bxc4+ Kc5 46. Bf6 f4
47. g4 hxg4 48. hxg4 a5 49. Be7+ Kc6 50. Ke4 a4 51. Ba3 Nc5+ 52. Kd4 Nd7 53.
Be7 Nf6 54. Kd3 Nxg4 55. Kd2 Ne5 0-1

[Event "Bielefeld 2- Werther"]
[Site "?"]
[Date "2023.02.19"]
[Round "5.3"]
[White "Henkemeier, Markus"]
[Black "Schnitker, Rainer"]
[Result "1/2-1/2"]
[WhiteElo "2037"]
[BlackElo "2010"]
[PlyCount "103"]
[SourceVersionDate "2023.06.22"]

1. d4 g6 2. Bf4 Bg7 3. c3 d6 4. Nf3 Nd7 5. e3 e5 6. Bg3 Qe7 7. Bc4 Ngf6 8. h3
O-O 9. Nbd2 b6 10. Qe2 Bb7 11. Ba6 Bxa6 12. Qxa6 Rfc8 13. O-O exd4 14. exd4 Nf8
15. Rfe1 Qd7 16. a4 Ne6 17. Nc4 Bf8 18. Rad1 c6 19. Ne3 Nc7 20. Qd3 Re8 21. Nc4
Rxe1+ 22. Rxe1 Re8 23. Rxe8 Ncxe8 24. Ne3 Nc7 25. Bh4 Bg7 26. Nd2 Qe6 27. Qc4
d5 28. Qe2 h5 29. Bg3 Nce8 30. Qa6 Bh6 31. Ndf1 Ne4 32. Be5 Qe7 33. Bb8 Qf6 34.
f3 Nd2 35. Kf2 Nxf1 36. Nxf1 Qf5 37. Qe2 Nf6 38. Bxa7 Nd7 39. Qe8+ Kg7 40. Qe2
h4 41. b4 Qb1 42. a5 bxa5 43. bxa5 Bf4 44. Bb6 Nxb6 45. axb6 Qxb6 46. Ne3 Qb1
47. Nd1 Qc1 48. Qd3 Bd6 49. Ke2 Qg5 50. Kf1 Qc1 51. Ke2 Qg5 52. Kf1 1/2-1/2

[Event "Bielefeld 2- Werther"]
[Site "?"]
[Date "2023.02.19"]
[Round "5.5"]
[White "Ortpaul, Mario"]
[Black "Cordes, Jule"]
[Result "0-1"]
[WhiteElo "1915"]
[BlackElo "1744"]
[PlyCount "82"]
[SourceVersionDate "2023.06.22"]

1. Nf3 Nf6 2. c4 e6 3. Nc3 d5 4. cxd5 exd5 5. d4 Be7 6. Bf4 c6 7. e3 O-O 8. Bd3
Nbd7 9. Qc2 Re8 10. Ne5 Nf8 11. O-O Ng6 12. Nxg6 hxg6 13. h3 Bd6 14. Bxd6 Qxd6
15. Rad1 Bd7 16. Rfe1 Re7 17. Rd2 Rae8 18. b4 b5 19. Rb1 a6 20. a4 Be6 21. Ne2
Ne4 22. Rdd1 f5 23. Rdc1 Bd7 24. Bxe4 Rxe4 25. axb5 axb5 26. Qc5 Qf6 27. Ra1 g5
28. Ra7 R4e7 29. Ng3 f4 30. Nf1 f3 31. Nh2 fxg2 32. Rxd7 Rxd7 33. Qxc6 Qf5 34.
Ng4 Rf8 35. Kxg2 Qf3+ 36. Kh2 Rdf7 37. Rg1 Qe4 38. Rg2 Rf3 39. Qxb5 Rxh3+ 40.
Kg1 Qb1+ 41. Qf1 Rh1+ 0-1

[Event "Steinfurt- Herford"]
[Site "?"]
[Date "2023.02.19"]
[Round "5.1"]
[White "Hanisch, Bernd"]
[Black "Rieke, Theo"]
[Result "1/2-1/2"]
[WhiteElo "2038"]
[BlackElo "1959"]
[PlyCount "22"]
[SourceVersionDate "2023.06.22"]

1. c4 g6 2. g3 Bg7 3. Bg2 e5 4. Nc3 d6 5. e3 Nc6 6. Nge2 Be6 7. d3 Qd7 8. Nd5
Nd8 9. h4 c6 10. Ndc3 h5 11. e4 f5 1/2-1/2

[Event "Steinfurt- Herford"]
[Site "?"]
[Date "2023.02.19"]
[Round "5.2"]
[White "Arning, Marcus"]
[Black "Hiller, Stefan"]
[Result "1-0"]
[WhiteElo "1946"]
[BlackElo "1967"]
[PlyCount "63"]
[SourceVersionDate "2023.06.22"]

1. e4 g6 2. d4 Bg7 3. Nc3 c5 4. d5 d6 5. Bb5+ Nd7 6. a4 Ngf6 7. Nf3 O-O 8. O-O
a6 9. Be2 b6 10. Bf4 Ne8 11. Qd2 Ne5 12. Bh6 f5 13. Bxg7 Kxg7 14. Nxe5 dxe5 15.
f4 exf4 16. Qxf4 Nd6 17. e5 Nf7 18. Bc4 g5 19. Qe3 f4 20. Qe2 Bf5 21. Rad1 h5
22. Bd3 Nh6 23. Qxh5 Bxd3 24. Rxd3 Rf5 25. Qe2 Nf7 26. e6 Nd6 27. g3 fxg3 28.
Rxg3 Kg6 29. Rh3 Rxf1+ 30. Kxf1 Qf8+ 31. Ke1 Qf4 32. Qh5+ 1-0

[Event "Steinfurt- Herford"]
[Site "?"]
[Date "2023.02.19"]
[Round "5.3"]
[White "Klemme, Thomas"]
[Black "Yust, Evgeniy"]
[Result "1/2-1/2"]
[WhiteElo "1963"]
[BlackElo "2116"]
[PlyCount "99"]
[SourceVersionDate "2023.06.22"]

1. b3 f5 2. Bb2 Nf6 3. e3 g6 4. f4 Bg7 5. Nf3 O-O 6. c4 c5 7. g3 Nc6 8. a3 b6
9. Bg2 Bb7 10. O-O Qc7 11. d4 cxd4 12. exd4 e6 13. Nbd2 d5 14. Ng5 Rfe8 15. Re1
Ne4 16. cxd5 exd5 17. Ngf3 Rac8 18. Rc1 Qd6 19. Ne5 Na5 20. Re3 Rxc1 21. Qxc1
Rc8 22. Qd1 Qc7 23. Nxe4 dxe4 24. Rc3 Qd8 25. Rxc8 Qxc8 26. b4 Nc4 27. Qc2 Nxb2
28. Qxb2 Bd5 29. Bf1 Bf8 30. Kf2 a5 31. Be2 Qc7 32. Ke1 Bd6 33. Kd1 axb4 34.
axb4 Qa7 35. Bc4 Qa4+ 36. Ke2 Bxc4+ 37. Nxc4 Bxb4 38. d5 Bc5 39. Ne5 Bd4 40.
Qd2 Qb5+ 41. Ke1 Qxd5 42. Nc6 Qxc6 43. Qxd4 Qc1+ 44. Ke2 Qc2+ 45. Ke1 Qxh2 46.
Qd8+ Kg7 47. Qe7+ Kh6 48. Qg5+ Kg7 49. Qe7+ Kg8 50. Qe8+ 1/2-1/2

[Event "Steinfurt- Herford"]
[Site "?"]
[Date "2023.02.19"]
[Round "5.4"]
[White "Haselhorst, Helmut"]
[Black "Heuermann, Heinz- Burkhard"]
[Result "1/2-1/2"]
[WhiteElo "2004"]
[BlackElo "1871"]
[PlyCount "114"]
[SourceVersionDate "2023.06.22"]

1. Nf3 d5 2. d4 e6 3. g3 c5 4. c4 Nf6 5. Bg2 cxd4 6. cxd5 Qxd5 7. Qxd4 Nc6 8.
Qxd5 Nxd5 9. O-O Be7 10. a3 Bf6 11. Nbd2 Bd7 12. Nc4 O-O 13. e4 Nb6 14. Nd6
Rab8 15. Rb1 Ne5 16. Rd1 Bc6 17. Bf4 Nxf3+ 18. Bxf3 e5 19. Be3 Na8 20. Bxa7
Rbd8 21. Be3 Rd7 22. Bg4 Rc7 23. f3 Rd8 24. Nf5 Rcd7 25. Rxd7 Rxd7 26. Kf2 h5
27. Bh3 Rd3 28. Bf1 Rd7 29. Ke1 g6 30. Nh4 Nc7 31. Rd1 Bxh4 32. gxh4 Rxd1+ 33.
Kxd1 f5 34. Bd3 Kf7 35. exf5 Bxf3+ 36. Kc2 gxf5 37. Bxf5 Kf6 38. Bd3 Ne6 39.
Kc3 Nf4 40. Bxf4 exf4 41. Kd4 b6 42. b4 Bd1 43. Ke4 f3 44. Ke3 Ke5 45. Bg6 Kd6
46. Kf2 Ke5 47. Bxh5 Kf4 48. Be8 Kg4 49. h5 Bc2 50. a4 Bb3 51. a5 bxa5 52. bxa5
Bd5 53. a6 Kg5 54. Bd7 Bc4 55. Bc8 Bxa6 56. Bxa6 Kxh5 57. Kxf3 Kh6 1/2-1/2

[Event "Nienberge- Hemer"]
[Site "?"]
[Date "2023.02.19"]
[Round "5.1"]
[White "Runte, Moritz"]
[Black "Mikeladze, Berdia"]
[Result "1/2-1/2"]
[WhiteElo "2172"]
[BlackElo "2137"]
[Annotator "daniel"]
[PlyCount "134"]
[SourceVersionDate "2023.06.22"]

1. e4 c6 2. d4 d5 3. exd5 cxd5 4. Bd3 Nc6 5. c3 Qc7 6. h3 Nf6 7. Nf3 g6 8. Qc2
Bg7 9. O-O O-O 10. Re1 Re8 11. Nbd2 Bd7 12. Ne5 Rac8 13. Nxc6 bxc6 14. Nf3 c5
15. dxc5 Qxc5 16. Be3 Qd6 17. Bd4 Nh5 18. Be5 Bxe5 19. Nxe5 Nf4 20. Rad1 f6 21.
Nxd7 Qxd7 22. Qb3 Red8 23. Ba6 Rb8 24. Qa3 e5 25. c4 d4 26. b4 Kh8 27. c5 d3
28. Re4 Qf5 29. Rxf4 Qxf4 30. c6 e4 31. Qc3 Qd6 32. b5 Re8 33. f3 Re7 34. fxe4
Qe5 35. Qxd3 Qc5+ 36. Kh1 Rbe8 37. Qd4 Qxd4 38. Rxd4 Kg7 39. a4 f5 40. a5 Rb8
41. e5 Kf7 $11 42. Rd6 Ke8 43. e6 Rc7 44. Rd7 Rxd7 45. exd7+ Kd8 46. Bb7 Kc7
47. Kg1 Rf8 48. Kf2 g5 49. Ke3 h5 50. Kd4 f4 51. Kc5 Rf5+ 52. Kc4 Rf8 53. b6+
axb6 54. a6 g4 55. a7 f3 56. gxf3 gxf3 57. a8=Q Rxa8 58. Bxa8 f2 59. d8=Q+ Kxd8
60. c7+ Kxc7 61. Bg2 Kd6 62. Kb5 Ke5 63. Kxb6 Kf4 64. Kc5 Kg3 65. Bf1 Kh2 66.
Kd4 Kg1 67. Be2 Kg2 1/2-1/2

[Event "Nienberge- Hemer"]
[Site "?"]
[Date "2023.02.19"]
[Round "5.2"]
[White "Remmeke, Hans"]
[Black "Schmuecker, Marcus"]
[Result "1-0"]
[WhiteElo "2106"]
[BlackElo "2223"]
[PlyCount "65"]
[SourceVersionDate "2023.06.22"]

1. d4 Nf6 2. Nf3 e6 3. g3 d5 4. Bg2 Be7 5. O-O O-O 6. c4 c6 7. Qc2 b6 8. Nbd2
Bb7 9. e4 Na6 10. cxd5 cxd5 11. e5 Nb4 12. Qb3 Ne4 13. a3 Nc6 14. Qe3 Nxd2 15.
Bxd2 b5 16. Rfc1 a5 17. Bf1 Qb6 18. Bd3 Rae8 19. b4 axb4 20. axb4 f6 21. Rab1
fxe5 22. Nxe5 Nxe5 23. dxe5 d4 24. Qe2 Bf3 25. Qf1 Rb8 26. Rc2 Rf7 27. Rbc1 Bf8
28. Rc8 Rxc8 29. Rxc8 h5 30. Bg6 Ra7 31. Qd3 Ra1+ 32. Bc1 Bg4 33. Bh7+ 1-0